Memartabatkan persuratan Melayu

Bibliographic Details
Main Author: Baha Zain
Other Authors: Mohamad Saleeh Rahamad, Zainal Abidin Borhan
Format: Book
Published: Kuala Lumpur : DBP , 2006
Subjects:

MARC

LEADER 00000cam a2200000 7i4500
001 0000014827
005 20080306.0
008 080306
020 |a 9836289968 
090 0 0 |a 899.23   |b BAH 
100 0 |a Baha Zain 
245 1 0 |a Memartabatkan persuratan Melayu   |c Baha Zain; diulas oleh Mohamad Saleeh Rahamad, Zainal Abidin Borhan 
260 |a Kuala Lumpur :   |b DBP ,   |c 2006 
650 0 |a Malay language   |x Usage 
650 0 |a Malay letters 
650 0 |a Malay literature 
700 0 |a Mohamad Saleeh Rahamad 
700 0 |a Zainal Abidin Borhan 
999 |a 0001016209   |b Book   |c Adult Collection   |e Perbadanan Perpustakaan Awam Johor 
999 |a 0001016211   |b Book   |c Adult Collection   |e Perbadanan Perpustakaan Awam Johor